000 00521nam a2200193 a 4500
001 1771067063475
003 YourLibrary
005 20260214163805.0
008 260214s2007##################000#0#eng##
020 _a9780520246157
082 0 4 _a306.708694
_bTEU
100 1 _aTeunis, Niels,
_eauthor.
245 1 0 _aSexual Inequalities and Social Justice :
260 _bUniv of California Press,
_c2007.
300 _a281 pages
650 0 _aPsychology.
942 _cENGLISH
040 _aYourLibrary
_beng
_cYourLibrary
999 _c612530
_d612530